Notices sur quelques manuscrits arabes /

Saved in:

Main Author: Dozy, Reinhart Pieter Anne (Author)

Format: eBook

Language: English
French

Published: Leiden ; Boston : Brill, 1847.

Series: Middle East and Islamic Studies - Book Archive pre-2000.

Subjects:

Online Access: Login to view Source

Tags: Add Tag

No Tags, Be the first to tag this record!

Call Number: PJ7755

LEADER 02093nam a22004458i 4500
001 BRILL9789004600539
003 nllekb
005 20240807140308.0
006 m d
007 cr un uuuua
008 240711s1847 gw sb 001 0 eng d
020 |a 9789004600539  |q (electronic book) 
020 |z 9789004571020  |q (print) 
024 7 |a 10.1163/9789004600539  |2 DOI 
040 |a NL-LeKB  |c NL-LeKB  |e rda 
041 |a fre 
050 4 |a PJ7755 
072 7 |a HRH  |2 bicssc 
072 7 |a REL  |x 037000  |2 bisacsh 
082 0 4 |a 946.25  |2 23 
100 1 |a Dozy, Reinhart Pieter Anne,  |e author. 
245 1 0 |a Notices sur quelques manuscrits arabes /  |c Reinhart Pieter Anne Dozy. 
264 1 |a Leiden ;  |a Boston :  |b Brill,  |c 1847. 
264 4 |c ©1847 
336 |a text  |b txt  |2 rdacontent 
337 |a computer  |b c  |2 rdamedia 
338 |a online resource  |2 rdacarrier 
490 1 |a Middle East and Islamic Studies - Book Archive pre-2000 
504 |a Includes bibliographical references and index. 
505 0 |t Front Matter -- Preliminary Material /  |r R. P. A. Dozy -- Quel Est L'Auteur et le Titre du Man. de Gotha No. 261, Qui Contient L'Histoire de L'Espagne, des Khalifes Abbasides et de L'Afrique, Depuis L'Année 290 de L'hégire Jusqu'à L'Année 320? /  |r R. P. A. Dozy -- Découverte de Trois Volumes du Mokaffá D'Al-Makrízí. /  |r R. P. A. Dozy -- Notice /  |r R. P. A. Dozy -- Extraits de L'Ouvrage Intitulé Al-Hollato 's-Siyará, Par Ibno-'L-Abbár, Publirs D'Après le Man. de la Société Asiatique. /  |r R. P. A. Dozy -- Back Matter -- Additions et Corrections. /  |r R. P. A. Dozy. 
546 |a French 
588 |a Description based on print version record. 
650 0 |a Arabic poetry  |x History and criticism. 
650 0 |a Arabs  |z Spain. 
650 0 |a Manuscripts, Arabic. 
776 0 8 |i Print version:  |t Notices sur quelques manuscrits arabes.  |d Leiden ; Boston : Brill, 1847.  |z 9789004571020 
830 0 |a Middle East and Islamic Studies - Book Archive pre-2000. 
856 4 |z DOI:   |u http://dx.doi.org/10.1163/9789004600539 
942 |2 lcc  |c EBOOK 
999 |c 59218  |d 59218